Greek athletics and the genesis of sport
Αποθηκεύτηκε σε:
| Κύριος συγγραφέας: | |
|---|---|
| Μορφή: | Βιβλίο |
| Γλώσσα: | English |
| Δημοσίευση: |
Berkeley :
University of California Press,
c1988
|
| Θέματα: | |
| Ετικέτες: |
Προσθήκη ετικέτας
Δεν υπάρχουν, Καταχωρήστε ετικέτα πρώτοι!
|
MARC
| LEADER | 00000nam a2200000 i 4500 | ||
|---|---|---|---|
| 001 | 1/73696 | ||
| 008 | 990319s1988 eng d | ||
| 020 | |a 0-520-08095-5 | ||
| 035 | |l 10048871 | ||
| 040 | |a GR-MY-UA |b gre |e aacr | ||
| 041 | 0 | |a eng | |
| 082 | 0 | |a 796 | |
| 100 | 1 | |a Sansone, David. | |
| 245 | 1 | 0 | |a Greek athletics and the genesis of sport / |c David Sansone |
| 260 | |a Berkeley : |b University of California Press, |c c1988 | ||
| 300 | |a 136 p. |b fig. | ||
| 504 | |a Includes bibliographical references and index | ||
| 650 | 0 | 0 | |a Sports. |
| 650 | 0 | 0 | |a Sports |z Greece |x History. |
| 852 | |a INST |b LESVOS |e 19990319 |h 796 SAN |p 005100017292 |q 005100017292 |t BK |y 0 | ||
| 901 | |a BIBL-1999-1 | ||
| 909 | |a Λ |b 060986 | ||
| 922 | |a 1ΕΛΗ |b 199810 |c ΚΠΣ/ΤΚ |d ΠΑΠΑΣΩΤΗΡΙΟΥ | ||